• AIU
  • Tony Wilmot Memorial Library

1001 ways to introduce your child to God / (Record no. 68691)

MARC details
000 -LEADER
fixed length control field 01239pam a2200325 a 4500
001 - CONTROL NUMBER
control field 3922131
003 - CONTROL NUMBER IDENTIFIER
control field OSt
005 - DATE AND TIME OF LATEST TRANSACTION
control field 20250930130126.0
008 - FIXED-LENGTH DATA ELEMENTS--GENERAL INFORMATION
fixed length control field 920227s1992 ilua 000 0 eng
010 ## - LIBRARY OF CONGRESS CONTROL NUMBER
LC control number 92009730
020 ## - INTERNATIONAL STANDARD BOOK NUMBER
International Standard Book Number 0842347577 :
Terms of availability $10.95
020 ## - INTERNATIONAL STANDARD BOOK NUMBER
International Standard Book Number 9780842347570
035 ## - SYSTEM CONTROL NUMBER
System control number 3922131
040 ## - CATALOGING SOURCE
Original cataloging agency DLC
Transcribing agency DLC
Modifying agency DLC
050 00 - LIBRARY OF CONGRESS CALL NUMBER
Classification number BT108
Item number .R45 1992
082 00 - DEWEY DECIMAL CLASSIFICATION NUMBER
Classification number 248.8/45
Edition number 20
100 1# - MAIN ENTRY--PERSONAL NAME
Personal name Reimer, Kathie,
Dates associated with a name 1945-
9 (RLIN) 58706
245 10 - TITLE STATEMENT
Title 1001 ways to introduce your child to God /
Statement of responsibility, etc Kathie Reimer ; illustrations by Ben Mahan.
260 ## - PUBLICATION, DISTRIBUTION, ETC. (IMPRINT)
Place of publication, distribution, etc Wheaton, Ill. :
Name of publisher, distributor, etc Tyndale House,
Date of publication, distribution, etc c1992.
300 ## - PHYSICAL DESCRIPTION
Extent 303 p. :
Other physical details ill. ;
650 #0 - SUBJECT ADDED ENTRY--TOPICAL TERM
Topical term or geographic name as entry element God (Christianity)
General subdivision Study and teaching.
9 (RLIN) 58707
650 #0 - SUBJECT ADDED ENTRY--TOPICAL TERM
Topical term or geographic name as entry element Christian education of children.
9 (RLIN) 58708
650 #0 - SUBJECT ADDED ENTRY--TOPICAL TERM
Topical term or geographic name as entry element Christian education
General subdivision Teaching methods.
9 (RLIN) 58709
740 0# - ADDED ENTRY--UNCONTROLLED RELATED/ANALYTICAL TITLE
Uncontrolled related/analytical title One thousand one ways to introduce your child to God.
740 0# - ADDED ENTRY--UNCONTROLLED RELATED/ANALYTICAL TITLE
Uncontrolled related/analytical title One thousand and one ways to introduce your child to God.
906 ## - LOCAL DATA ELEMENT F, LDF (RLIN)
a 7
b cbc
c orignew
d 1
e ocip
f 19
g y-gencatlg
942 ## - ADDED ENTRY ELEMENTS (KOHA)
Source of classification or shelving scheme Library of Congress Classification
Koha item type Books
Holdings
Withdrawn status Lost status Source of classification or shelving scheme Damaged status Not for loan Collection code Home library Current library Shelving location Date acquired Source of acquisition Cost, normal purchase price Total Checkouts Full call number Barcode Date last seen Copy number Cost, replacement price Price effective from Koha item type
    Library of Congress Classification     General Circulation AIU/NEGST - Tony Wilmot Memorial Library AIU/NEGST - Tony Wilmot Memorial Library Processing Center 09/04/2024 Donation- Mary Wamae 20.00   BT108 .R45 1992 T01392W3232 09/30/2025 1 20.00 09/30/2025 Books